Word Ladder: 'Viva La Vida' Band Quiz Stats

Quiz Updated May 31, 2015

Challenge
Share
Tweet
Embed
Score 0/18 Timer 02:00
1 Play Today
Clue 4-Letter Word % Correct
A place for your butt to restSEAT
96.2%
Passed along an emailSENT
94.8%
One with XY chromosomesMALE
94.5%
Lois [Rung 7] loves Clark [Rung 10]KENT
93.1%
Lois [Rung 7] loves Clark [Rung 10]LANE
93.1%
Thinly sliced cabbage [Rung 2] [Rung 14]SLAW
90.6%
UncoolLAME
90.3%
Thinly sliced cabbage [Rung 2] [Rung 14]COLE
88.2%
A thin strip of woodSLAT
88.1%
Clue 4-Letter Word % Correct
Auntie from a famous musicalMAME
87.9%
A small defectFLAW
87.9%
A Mexican chocolate based sauceMOLÉ
87%
An organized system towards a goalPLAN
86.6%
A custardy dessertFLAN
86.5%
'Viva La Vida' band: [Rung 1][Rung 18]COLD
84.1%
'Viva La Vida' band: [Rung 1][Rung 18]PLAY
83.2%
German philosopher ImmanuelKANT
81.9%
Erica of 'All My Children'KANE
81.9%

Today's Daily Dose

You're not logged in!

Compare scores with friends on all Sporcle quizzes.
Sign Up with Email
OR
Log In

You Might Also Like...

Show Comments

Extras

Top Quizzes Today


Score Distribution

Your Account Isn't Verified!

In order to create a playlist on Sporcle, you need to verify the email address you used during registration. Go to your Sporcle Settings to finish the process.